[Event "Pamplona op"]
[Site "Pamplona"]
[Date "2005.12.23"]
[Round "1"]
[White "Vehi Bach, Victor Manuel"]
[Black "Ros, Parra"]
[Result "1-0"]
[WhiteElo "2416"]
[BlackElo "1855"]
[PlyCount "35"]
[EventDate "2005.12.23"]
[EventType "swiss"]
[EventRounds "9"]
[EventCountry "ESP"]
[SourceTitle "CBM 110 Extra"]
[Source "ChessBase"]
[SourceDate "2006.03.10"]
[SourceVersion "2"]
[SourceVersionDate "2006.03.10"]
[SourceQuality "1"]

1. e4 d6 2. d4 Nf6 3. Nc3 g6 4. Be3 Bg7 5. f3 Nc6 6. Qd2 0-0 7. 0-0-0 e5 8. Nge2 a6 9. h4 b5 10. h5 b4 11. Nd5 Nxd5 12. exd5 Nxd4 13. Nxd4 exd4 14. Bxd4 Bxd4 15. Qxd4 a5 16. Bd3 Bd7 17. hxg6 fxg6 18. Rxh7 1-0